ბათუმის შოთა რუსთაველის სახელმწიფო უნივერსიტეტის ბიბლიოთეკა

Anatomy for Dental Students / (ბიბ.ჩანაწერი № 61738)

000 -LEADER
fixed length control field 00730nam a22002057a 4500
005 - DATE AND TIME OF LATEST TRANSACTION
control field 20240425124647.0
008 - FIXED-LENGTH DATA ELEMENTS--GENERAL INFORMATION
fixed length control field 240425s1997 enk||||| |||| 00| 0 eng d
020 ## - INTERNATIONAL STANDARD BOOK NUMBER
International Standard Book Number 9780192626738x
041 ## - LANGUAGE CODE
Language code of text/sound track or separate title eng
080 ## - UNIVERSAL DECIMAL CLASSIFICATION NUMBER
Universal Decimal Classification number 611.9 J-76
100 ## - MAIN ENTRY--PERSONAL NAME
Personal name Johnson, D. R.
9 (RLIN) 21935
245 ## - TITLE STATEMENT
Title Anatomy for Dental Students /
Statement of responsibility, etc. D. R. Johnson, W. J. Moore.
250 ## - EDITION STATEMENT
Edition statement Thirrd edition
264 ## - PRODUCTION, PUBLICATION, DISTRIBUTION, MANUFACTURE, AND COPYRIGHT NOTICE
Place of production, publication, distribution, manufacture Oxford :
Name of producer, publisher, distributor, manufacturer Oxford University Press,
Date of production, publication, distribution, manufacture, or copyright notice 1997.
300 ## - PHYSICAL DESCRIPTION
Extent 286 p.:
Other physical details ill.;
Dimensions 25 cm.
653 ## - INDEX TERM--UNCONTROLLED
keyword ანატომია სტომატოლოგიური სტუდენტებისათვის
653 ## - INDEX TERM--UNCONTROLLED
keyword მედიცინა
700 ## - ADDED ENTRY--PERSONAL NAME
Personal name Moore, W. J.
Relator term ავტორი
9 (RLIN) 21936
942 ## - ADDED ENTRY ELEMENTS (KOHA)
Source of classification or shelving scheme
Koha item type წიგნი
ეგზემპლარები
Withdrawn status Lost status Source of classification or shelving scheme Damaged status Not for loan Permanent Location Current Location Shelving location Date acquired Cost, normal purchase price Full call number Barcode Date last seen Copy number Price effective from Koha item type Public note
          ბათუმის შოთა რუსთაველის სახელმწიფო უნივერსიტეტის მთავარი ბიბლიოთეკა ბათუმის შოთა რუსთაველის სახელმწიფო უნივერსიტეტის მთავარი ბიბლიოთეკა წიგნსაცავი 2024-04-25 156.00 611.9 J-76 67902 2024-04-25 67902 2024-04-25 წიგნი 156 ლ.